000 00501nam a2200181Ia 4500
005 20250508150445.0
008 008 250505s9999 xx 000 0 eng d
037 _aTextual
040 _aFEDL
_beng
_cFEDL
041 _aeng
_2eng
084 _a808.81, ROD
_qFEDL
100 _aRodman Selden
_9756735
245 0 _aNew anthology of modern poetry
260 _aNew York, USA
_bThe Modern Library
_c1938
300 _a488p.
942 _cTEXL
_h808.81, ROD
999 _c1323749
_d1323749